Missing Word: 6 by 6 Quiz Stats

 Plays Quiz Updated Jan 25, 2013

Support Sporcle.
Go Orange.
Score 0/36 Timer 03:00
2 Plays Today
Category Answer % Correct
MLB TeamsYork
99%
MLB TeamsRed
97%
Tom Cruise MoviesMission
95.8%
Oscar Best PicturesMillion
95.3%
ABC ShowsAnatomy
94.1%
Charles Dickens' BooksTale
93.4%
Oscar Best PicturesSilence
92.9%
ABC ShowsFamily
91%
Beatles AlbumsSubmarine
90.5%
ABC ShowsDancing
90.1%
Beatles AlbumsLet
89.6%
Tom Cruise MoviesBusiness
88.1%
MLB TeamsBay
87.5%
Tom Cruise MoviesWide
86.7%
MLB TeamsChicago
86.2%
Charles Dickens' BooksCarol
85.4%
Oscar Best PicturesHurt
84.3%
ABC ShowsWife
83.3%
Category Answer % Correct
Tom Cruise MoviesJerry
78.6%
Beatles AlbumsLonely
78.6%
Oscar Best PicturesSlumdog
75.5%
Charles Dickens' BooksCopperfield
65.1%
MLB TeamsRockies
64.5%
ABC ShowsTank
64.1%
ABC ShowsAccording
61.1%
Beatles AlbumsMystery
58.7%
Tom Cruise MoviesKnight
56.2%
Tom Cruise MoviesColor
55.5%
Oscar Best PicturesChariots
53.2%
MLB TeamsAnaheim
53%
Beatles AlbumsPlease
49.8%
Charles Dickens' BooksPickwick
29.6%
Charles Dickens' BooksBleak
25.4%
Beatles AlbumsBeatles
15.8%
Oscar Best PicturesEmperor
15.1%
Charles Dickens' BooksMutual
13.5%

Today's Daily Dose

You're not logged in!

Compare scores with friends on all Sporcle quizzes.
OR
Log In

From the Vault

Over/Under: Geography

by Hejman

You'll be overjoyed if you get them all in under the time limit.
Remove Ads.
Support Sporcle.
Get the best of Sporcle when you Go Orange. This ad-free experience offers more features, more stats, and more fun while also helping to support Sporcle. Thank you for becoming a member.

Show Comments

Extras

Top Quizzes Today


Score Distribution

Your Account Isn't Verified!

In order to create a playlist on Sporcle, you need to verify the email address you used during registration. Go to your Sporcle Settings to finish the process.

Report this User

Report this user for behavior that violates our Community Guidelines.

Details: